000 00626nam a2200229Ia 4500
005 20210913124605.0
008 131103s9999 xx 000 0 und d
020 _cRs. 60
040 _aLoreto College
041 _aEnglish
082 _a320
_bLIJ
100 _aLijphart, Arend
245 _aDemocracy and plural societies
_cArend Lijphart
260 _aBombay
_bPopular Prakashan
_c1989(1982 printing)
300 _ax,248 p.
_b ill.,6 figures
504 _aIncludes bibliographical references and index
630 _aDemocracy
650 _aPolitical Science
651 _aPolitics
850 _aLCLIB
942 _cBK
999 _c329
_d50808